LEADER 00981cam0-22003491i-450 001 990007060760403321 005 20210708111439.0 010 $a88-07-08128-8 035 $a000706076 035 $aFED01000706076 035 $a(Aleph)000706076FED01 100 $a20020312d1994----km-y0itay50------ba 101 0 $aita 102 $aIT 105 $ay-------001yy 200 1 $aCreatività$emiti, discorsi, processi$fAlberto Melucci$gcon la collaborazione di Anna Fabbrini ... [et al.] 210 $aMilano$cFeltrinelli$d1994 215 $a263 p.$d22 cm 225 1 $aSaggi 610 0 $aCreatività 676 $a153.35$v21$zita 700 1$aMelucci,$bAlberto$f<1943-2001>$049246 702 1$aFabbrini,$bAnna 801 0$aIT$bUNINA$gRICA$2UNIMARC 901 $aBK 912 $a990007060760403321 952 $aIX A 1099$b37847$fFSPBC 952 $a414 SEZ. ANDRIELLO$b414$fDARPU 959 $aFSPBC 959 $aDARPU 996 $aCreatività$9708168 997 $aUNINA LEADER 01142nam a2200277 i 4500 001 991001475099707536 005 20020507130332.0 008 991006s1991 it ||| | ita 020 $a881402992X$c16000 035 $ab10225894-39ule_inst 035 $aLE02986722$9ExL 040 $aISUFI - Sett. Diritti e Politiche Euromediterranee$bita 082 0 $a341.75 100 1 $aMirabelli, Giuseppe$0227247 245 10$aRapporti contrattuali nel diritto internazionale :$blezioni per il corso di organizzazione internazionale della LUISS /$ctenute da Giuseppe Mirabelli ... [et al.] 260 $aMilano :$bGiuffrè,$c1991 300 $aix, 1139 p. ;$c25 cm. 490 0 $aCollana di studi giuridici ;$v18 500 $aCon una scelta di documenti 650 4$aContratti$xDiritto internazionale 907 $a.b10225894$b17-02-17$c27-06-02 912 $a991001475099707536 945 $aLE029 341.75 MIR01.01$g1$iLE029-0048$lle029$o-$pE0.00$q-$rn$so $t0$u0$v0$w0$x0$y.i10275368$z27-06-02 996 $aRapporti contrattuali nel diritto internazionale$9207055 997 $aUNISALENTO 998 $ale029$b01-01-99$cm$da $e-$fita$git $h0$i1 LEADER 01288oam 2200409zu 450 001 9910873515103321 005 20241212220433.0 035 $a(CKB)3420000000000711 035 $a(SSID)ssj0000750987 035 $a(PQKBManifestationID)12306170 035 $a(PQKBTitleCode)TC0000750987 035 $a(PQKBWorkID)10750518 035 $a(PQKB)11685631 035 $a(NjHacI)993420000000000711 035 $a(EXLCZ)993420000000000711 100 $a20160829d2012 uy 101 0 $aeng 135 $aur||||||||||| 181 $ctxt 182 $cc 183 $acr 200 10$a2012 3rd International Workshop on Emerging Trends in Software Metrics 210 31$a[Place of publication not identified]$cIEEE$d2012 215 $a1 online resource (various pagings) $cillustrations 300 $aBibliographic Level Mode of Issuance: Monograph 311 08$a9781467317634 311 08$a1467317632 320 $aIncludes bibliographical references and index. 606 $aSoftware measurement$vCongresses 615 0$aSoftware measurement 676 $a005.1 702 $aIEEE Staff 801 0$bPQKB 906 $aPROCEEDING 912 $a9910873515103321 996 $a2012 3rd International Workshop on Emerging Trends in Software Metrics$92519116 997 $aUNINA